01309 a2200217 45000010006000000050017000060080041000230030015000640400040000790800068001192450065001872640035002523000039002875050638003261000016009647000017009807000030009977000018010277000029010457000017010745338120260407155808.0260407a1965 arg spa dAR-UNSa-BCEJYS aAR-UNSa-BCEJYSbspacAR-UNSa-BCEJYS a634.6xFrutos tropicales y Subtropicales diversos (Cocoteros) 10aCultivo y mejoramiento de plantas tropicales y subtropicales 1aMéxico :bLimusa-Wileyc1965 a2v. (005-828; 837-1536 p.)c23 cm. aVol. I. Parte I.: GENERALIDADES: 1. El clima y la fisiografía – 2. Formación del suelo – 3. Propiedades químicas y físicas del suelo y su materia orgánica – 4. Fertilidad del suelo – 5. Manejo del suelo – 6. Prácticas de cultivo, mejoramiento de las plantas consideraciones económicas y valor alimenticio de los productos tropicales - - Parte II.: COSECHAS: 7. Los plátanos y los cítricos – 8. Otros cultivos frutales. Vol. II. 9. Especias – 10. Bebidas- café – cacao, té – 11. Hule y quina – 12. Cultivos de oleaginosas – 13. Plantas textiles – 14. Caña de azúcar y otros cultivos. 1 aOchse, J.J.1 aSouler, M.J.1 aBlackaller Valdes, Alonso1 aDijkman, M.J.1 aSanchez Duron, Nicolás1 aWehlburg, C.